000 00637nam a22002057a 4500
999 _c9294
_d9294
003 AR-CdUCM
008 190327b ||||| |||| 00| 0 spa d
040 _aMUNICIPALIDAD PROVINCIAL DEL CUSCO
_cBIBLIOTECA MUNICIPAL DEL CUSCO
082 _a869.56 /
_bC265
100 _aCarrillo, Sonia Luz
_915005
245 _a... Y el corazón ardiendo /
260 _aLima :
_bEdiciones Poesia ,
_c1979.
300 _a62 páginas ;
_c18.5 cm.
500 _aContiene dedicatoria a Luis Nieto.
650 _aPoesia Limeña
_917928
650 _aPoesia Peruana
_9280
650 _aPoesia Latinoamericana
_92147
942 _2ddc
_cLIBROS
945 _artm